| 000 | 00796nam a22002057a 4500 | ||
|---|---|---|---|
| 999 |
_c18576 _d18576 |
||
| 003 | AR-CdUCM | ||
| 008 | 190514b ||||| |||| 00| 0 spa d | ||
| 040 |
_aMUNICIPALIDAD PROVINCIAL DEL CUSCO _cBIBLIOTECA MUNICIPAL DEL CUSCO |
||
| 082 |
_a333 / _bE15 |
||
| 100 |
_aPlaza J, Orlando _939240 |
||
| 245 | _aEconomía campesina / | ||
| 260 |
_aLima : _bDesco, _c19450. |
||
| 300 |
_a308 páginas ; _c22 cm. |
||
| 505 | _aContenido : Presentación -- A. V. Chayanov: Su vida, carrera, y trabajos -- Presentación: A. V. Chayanov la organización de la unidad económica campesina -- La organización de la unidad económica campesina ... | ||
| 650 |
_aOrganización económica _930742 |
||
| 650 |
_aCampesina _939241 |
||
| 650 |
_aPerú _935 |
||
| 942 |
_2ddc _cLIBROS |
||
| 945 |
_arah _d2019/05/14 |
||